Welcome to CU Library Online Public Access Catalogue (OPAC)

Special education law / (Record no. 2848)

MARC details
000 -LEADER
fixed length control field 00678cam a22002174a 4500
001 - CONTROL NUMBER
control field 12310321
005 - DATE AND TIME OF LATEST TRANSACTION
control field 20250122193404.0
008 - FIXED-LENGTH DATA ELEMENTS--GENERAL INFORMATION
fixed length control field 010214s2002 njua b 001 0 eng
020 ## - INTERNATIONAL STANDARD BOOK NUMBER
International Standard Book Number 0136474136
050 00 - LIBRARY OF CONGRESS CALL NUMBER
Classification number KF4210
Item number .M87 2002
082 00 - DEWEY DECIMAL CLASSIFICATION NUMBER
Classification number 344.73/0791
Edition information 21
100 1# - MAIN ENTRY--PERSONAL NAME
Personal name Murdick, Nikki L.
245 10 - TITLE STATEMENT
Title Special education law /
Statement of responsibility, etc. Nikki L. Murdick, Barbara C. Gartin, Terry Crabtree.
250 ## - EDITION STATEMENT
Edition statement 1st ed.
260 ## - PUBLICATION, DISTRIBUTION, ETC.
Place of publication, distribution, etc. Upper Saddle River, NJ :
Name of publisher, distributor, etc. Prentice Hall,
Date of publication, distribution, etc. c2002.
300 ## - PHYSICAL DESCRIPTION
Extent xiv, 253 p. :
Other physical details ill. ;
Dimensions 24 cm.
650 #0 - SUBJECT ADDED ENTRY--TOPICAL TERM
Topical term or geographic name entry element Special education
General subdivision Law and legislation
Geographic subdivision United States.
700 1# - ADDED ENTRY--PERSONAL NAME
Personal name Gartin, Barbara C.
700 1# - ADDED ENTRY--PERSONAL NAME
Personal name Crabtree, Terry.
942 ## - ADDED ENTRY ELEMENTS (KOHA)
Source of classification or shelving scheme Library of Congress Classification
Koha item type Books
Suppress in OPAC No
999 ## -
-- 2848
-- 2848
Holdings
Withdrawn status Lost status Source of classification or shelving scheme Damaged status Not for loan Collection Home library Current library Shelving location Date acquired Total checkouts Full call number Barcode Date last seen Copy number Price effective from Koha item type
    Library of Congress Classification     Non-fiction Law Library (Christ Temple) Law Library (Christ Temple) General stacks 01/22/2025   KF4210.M87 MUR LLCT00000279 01/22/2025 1 01/22/2025 Books
© 2023-2024 Copyright: Central University Libraries. All Rights Reserved | Created by: Mahone Tech Office